Fine Line Tracklist By Streams - Statistics

General Stats
  • This quiz has been taken 4 times
  • The average score is 8 of 12
Answer Stats
# Streams Answer % Correct
2 1,898,184,586 Adore You
100%
3 1,418,988,077 Falling
100%
4 997,934,353 Golden
100%
1 3,059,788,367 Watermelon Sugar
100%
6 633,309,891 Fine Line
75%
5 718,973,959 Lights Up
75%
7 385,345,544 Cherry
50%
8 366,693,277 She
50%
10 273,895,034 To Be So Lonely
50%
12 215,652,266 Treat People With Kindness
50%
11 233,689,471 Canyon Moon
25%
9 329,088,485 Sunflower, Vol. 6
25%
No matching quizzes found
Score Distribution
Percent of People with Each Score
Percentile by Number Answered
Your Score History
You have not taken this quiz